| 000 | 01255cad a22002535a 4500 | ||
|---|---|---|---|
| 001 | E147926 | ||
| 008 | 090701s2009 xxk f 000 0 eng d | ||
| 035 | _a(Sirsi) u147926 | ||
| 041 | 0 | _aeng | |
| 050 | 0 | 4 | _a692.2 $2 18 |
| 110 | 2 |
_aScottish Building Standards Agency _94655 |
|
| 245 | 0 | 0 |
_aConsultation on improving compliance with building regulations _h[electronic resource] |
| 260 |
_aLondon _bSBS _c2009 |
||
| 505 | 2 | _aCovering letter -- Respondee information form -- consultee list -- Annex A, background -- questionnaire | |
| 520 | _aSeeks views on proposals to increase compliance with Building Regulations. The proposals arise out of the work of the Building Standards Advisory Committee Working Group which was established to look at compliance issues relating to the recommendations of the "Sullivan Report", and commitments made in the Government's manifesto. | ||
| 520 | _aDeadline for comments is 2 October 2009. | ||
| 521 | _aAdvanced | ||
| 590 | _aKA | ||
| 650 | 2 | 4 | _aBUILDING (SCOTLAND) REGULATIONS 2004 |
| 651 | 4 |
_aScotland _y1999- |
|
| 690 |
_aBuilding regulations _96224 |
||
| 856 | 4 | 0 |
_uhttps://www.sbsa.gov.uk/latestupdates/consul_compliance09.htm _zView the consultation free of charge at www.sbsa.gov.uk... |
| 942 | _n0 | ||
| 999 |
_c109793 _d109793 |
||